Cut to the Chase: A no-nonsense approach towards strategy and problem - solving/ (Record no. 179639)

MARC details
000 -LEADER
fixed length control field 00642nam a22001817a 4500
005 - DATE AND TIME OF LATEST TRANSACTION
control field 20210625144118.0
010 ## - LCCN (DPL NO)
LC control number ENG-129525
020 ## - INTERNATIONAL STANDARD BOOK NUMBER
Terms of availability 495.00
International Standard Book Number 978-93-5388-270-9
035 ## - SYSTEM CONTROL NUMBER
System control number EN-113057
037 ## - SOURCE OF ACQUISITION
Source of stock number/acquisition DBAD/PUB
082 ## - DEWEY DECIMAL CLASSIFICATION NUMBER
Classification number 658.4012
100 ## - MAIN ENTRY--PERSONAL NAME
Personal name Balakrishna, Sidharth
245 ## - TITLE STATEMENT
Title Cut to the Chase: A no-nonsense approach towards strategy and problem - solving/
Statement of responsibility, etc by Sidharth balakrishna
260 ## - PUBLICATION, DISTRIBUTION, ETC. (IMPRINT)
Place of publication, distribution, etc New Delhi
Name of publisher, distributor, etc Sage Publications India Pvt. Ltd
Date of publication, distribution, etc 2020
270 ## - ADDRESS
City New Delhi
Postal code 110044
Address B1/1-1 Mohan Cooperative Industrial area Mathura road
300 ## - PHYSICAL DESCRIPTION
Extent 268p;
Dimensions 22cm(pbk)
942 ## - ADDED ENTRY ELEMENTS (KOHA)
Source of classification or shelving scheme Dewey Decimal Classification
Item type English Books
Classification part 658.4012
Call number suffix BAL
Holdings
Withdrawn status Lost status Not for loan Collection code Home library Current library Date acquired Source of acquisition Cost, normal purchase price Full call number Barcode Copy number Cost, replacement price Koha item type
      Non-fiction Central Library Central Library 25/06/2021 DBAD/PUB 495.00 658.4012 BAL EN-113057 1 495.00 English Books

© Delhi Public Library
Hit Counter
free hit counter